000 00524cam a2200193ua 4500
001 5741
008 131028n ii |||gr||||Z||||||eng
020 _a81-7022-598-1
040 _cMAIN
082 _a934
245 _aSocial and Cultural History of Ancient India
_cBy M.L. Bose
250 _a2nd rev. ed.
260 _aDelhi:
_bConcept Publishing Company,
_c1998.
300 _ax,187p.
653 _aIndia to 647
653 _asocial and Cultural History of Ancient India
700 _aBose,M.L.,
_eAuthor.
942 _cBK
999 _c4899
_d4899